[Event "BRA-ch U20 Girls"]
[Site "Florianopolis"]
[Date "2003.05.16"]
[Round "2"]
[White "Oestreich, Vanessa"]
[Black "Kobayashi, Erica"]
[Result "0-1"]
[WhiteElo "1745"]
[BlackElo "1960"]
[PlyCount "138"]
[EventDate "2003.05.??"]
[EventType "swiss"]
[EventRounds "7"]
[EventCountry "BRA"]
[SourceTitle "EXT 2006"]
[Source "ChessBase"]
[SourceDate "2005.11.24"]
[SourceVersion "1"]
[SourceVersionDate "2005.11.24"]
[SourceQuality "1"]

1. d4 Nf6 2. Nc3 d5 3. e3 e6 4. Bd3 Be7 5. Nce2 c5 6. c3 Nc6 7. Nf3 0-0 8. Ng3 b6 9. e4 dxe4 10. Nxe4 cxd4 11. cxd4 Nxd4 12. Nxf6+ Bxf6 13. Be4 Nxf3+ 14. Qxf3 Rb8 15. 0-0 Qe7 16. Rd1 Bb7 17. Bf4 Bxe4 18. Qxe4 Rbd8 19. Qc6 Rc8 20. Qb5 Rfd8 21. Rxd8+ Qxd8 22. Rb1 Qe8 23. Qa6 Qd7 24. b3 Rd8 25. h3 Qd3 26. Qxd3 Rxd3 27. Rc1 Rc3 28. Rd1 Rc2 29. Rd7 Rxa2 30. Rb7 h6 31. Bb8 Bd4 32. Bxa7 Rxf2 33. Bxb6 Bxb6 34. Rxb6 Rb2 35. b4 Kf8 36. b5 Ke7 37. Rb7+ Kf6 38. b6 e5 39. Rb8 Ke6 40. b7 Kd7 41. Rg8 Rxb7 42. Rxg7 Ke7 43. Rg4 Rb6 44. Re4 Kd6 45. Kf2 f5 46. Rh4 Kd5 47. Ke3 Rg6 48. Ra4 h5 49. Ra5+ Ke6 50. Ra6+ Kf7 51. Ra7+ Kf6 52. h4 Rg3+ 53. Kf2 f4 54. Ra6+ Kf5 55. Ra5 Rg4 56. Rc5 Rxh4 57. g3 fxg3+ 58. Kxg3 Rg4+ 59. Kf3 Rg6 60. Rc2 h4 61. Rh2 e4+ 62. Ke3 Rh6 63. Rf2+ Ke5 64. Rf4 h3 65. Rxe4+ Kf5 66. Rf4+ Kg5 67. Rf1 h2 68. Rh1 Kg4 69. Kf2 Kh3 0-1